Normal view MARC view

Entry Personal Name

Number of records used in: 1

001 - CONTROL NUMBER

  • control field: 103419

003 - CONTROL NUMBER IDENTIFIER

  • control field: OSt

005 - DATE AND TIME OF LATEST TRANSACTION

  • control field: 20220918202353.0

008 - FIXED-LENGTH DATA ELEMENTS

  • fixed length control field: 220918|| aca||aabn | a|a d

040 ## - CATALOGING SOURCE

  • Original cataloging agency: OSt
  • Transcribing agency: OSt

100 ## - HEADING--PERSONAL NAME

  • Personal name: Ranade V G

670 ## - SOURCE DATA FOUND

  • Source citation: Work cat.: (OSt)224236: Ranade V G, Life of his highness Raja Shreemant Sir Raghunathrao S alias Babasaheb Pandit Pant Sachiv, Raja of Bhor, 1951
Copyright @ Delhi University Library System